000 01208nam a2200277Ia 4500
003 OSt
005 20221005104740.0
006 a|||||r|||| 00| 0
007 ta
008 221004b |||||||| |||| 00| 0 hin d
020 _a9789380172453 (pbk)
_c280
024 _a8729
037 _b20474, 08/01/2014, Hindi Madhyam Karyanvyan Nideshalye
_cTextual
040 _aCRL
_cCRL
_bhin
041 _2hin
_ahin
082 _aV2z7, 152Q1
100 _aशर्मा, रामशरण
245 0 _aभारतीय इतिहास
_b एक पुनर्विचार
246 _aBhāratīya itihāsa: ek punarvichāra
260 _aदिल्ली
_bविश्वविद्यालय हिन्दी माध्यम कार्यान्वय निदेशालय भारत
_c2011
300 _a302पृ0
_ccm.
650 _aविश्व-इतिहास
700 _a राजिमवाले, अनिल, अनु.
942 _hV2z7, 152Q1
_cTEXL
_2cc
999 _c1013667
_d1013667